| 000 | 00902nam a2200277Ia 4500 | ||
|---|---|---|---|
| 003 | OSt | ||
| 005 | 20221005022643.0 | ||
| 006 | a|||||r|||| 00| 0 | ||
| 007 | ta | ||
| 008 | 221004b |||||||| |||| 00| 0 eng d | ||
| 020 |
_a9780081002063 (pbk) _c5286.48 |
||
| 024 | _a26073 | ||
| 037 |
_b2348, 22/03/2016, Success Book Service _cTextual |
||
| 040 |
_aCRL _cCRL _beng |
||
| 041 |
_2eng _aeng |
||
| 082 | _a2,b, Q5 | ||
| 100 |
_aHakansson Charlotte _927944 |
||
| 245 | 0 | _aCompetitive intelligence for information Professionals | |
| 260 |
_aAmsterdam _bElsevier The Netherlands _c2015 |
||
| 300 |
_axx, 121p. _ccm. |
||
| 490 | _aChandos information professional series | ||
| 650 | _aLIBRARY SCIENCE | ||
| 700 |
_a Nelke Margareta _927945 |
||
| 942 |
_h2,b, Q5 _cTEXL _2cc |
||
| 999 |
_c929777 _d929777 |
||